Statistics for Countries Closest to Aruba

Click here to take the quiz!

General Stats

  • This quiz has been taken 1,716 times
  • The average score is 17 of 20

Answer Stats

kmcountrymiles% Correct
27Venezuela17
94%
125Colombia78
92%
943Cuba586
92%
969Dominica602
91%
629Haiti390
91%
883Jamaica548
91%
574Dominican Republic357
90%
931St Kitts and Nevis578
90%
965St Lucia600
90%
905Trinidad and Tobago562
90%
1166Guyana725
89%
907Panama563
89%
913St Vincent and the Grenadines568
89%
1114Barbados692
87%
879Grenada546
84%
998Antigua and Barbuda620
83%
986Bahamas613
82%
1064Brazil661
81%
77Curaçao48
52%
954Sint Maarten593
31%

Score Distribution

Percentile by Number Answered

Percent of People with Each Score

Your Score History

You have not taken this quiz